Welcome to CU Library Online Public Access Catalogue (OPAC)

Dangerous Properties of Industrial Materials (Record no. 8082)

MARC details
000 -LEADER
fixed length control field 00461nam a22001577a 4500
005 - DATE AND TIME OF LATEST TRANSACTION
control field 20251105152041.0
008 - FIXED-LENGTH DATA ELEMENTS--GENERAL INFORMATION
fixed length control field 251105b |||||||| |||| 00| 0 eng d
020 ## - INTERNATIONAL STANDARD BOOK NUMBER
International Standard Book Number 0442273681
050 ## - LIBRARY OF CONGRESS CALL NUMBER
Classification number T55.3
Item number .H3 S3
100 ## - MAIN ENTRY--PERSONAL NAME
Personal name Sax, N. Irving
245 ## - TITLE STATEMENT
Title Dangerous Properties of Industrial Materials
Statement of responsibility, etc. N. Irving Sax
250 ## - EDITION STATEMENT
Edition statement 4th ed.
260 ## - PUBLICATION, DISTRIBUTION, ETC.
Place of publication, distribution, etc. New York
Name of publisher, distributor, etc. Van Nostrand Reinhold Company
Date of publication, distribution, etc. 1975
300 ## - PHYSICAL DESCRIPTION
Extent vii. 1258p.
Other physical details ill.
Dimensions 26cm
942 ## - ADDED ENTRY ELEMENTS (KOHA)
Source of classification or shelving scheme Library of Congress Classification
Koha item type Books
Edition 4th ed.
Suppress in OPAC No
999 ## -
-- 8082
-- 8082
Holdings
Withdrawn status Lost status Source of classification or shelving scheme Damaged status Not for loan Collection Home library Current library Shelving location Date acquired Total checkouts Full call number Barcode Date last seen Copy number Price effective from Koha item type
    Library of Congress Classification     Non-fiction Science Library (Miotso) Science Library (Miotso) General stacks 11/05/2025   T55.3 .H3S3 SAX SLM00005412 11/05/2025 1 11/05/2025 Books
© 2023-2024 Copyright: Central University Libraries. All Rights Reserved | Created by: Mahone Tech Office